Behold the Buddha : Religious meanings of Japanese Buddhist icons

Behold the Buddha is a clear, concise, and compellingly written guide to the visual culture and iconography of Japanese Buddhism, supplemented with beautiful illustrations. Author James C. Dobbins expertly decodes the complex mysteries behind Buddhist masters, relics, and calligraphy, equipping read...

Cijeli opis

Spremljeno u:
Bibliografski detalji
Glavni autor: Dobbins, James C.
Format: Knjiga
Jezik:Vietnamese
Izdano: Honolulu University of Hawai'i Press 2020
Teme:
Oznake: Dodaj oznaku
Bez oznaka, Budi prvi tko označuje ovaj zapis!
Thư viện lưu trữ: Thư viện Trường Đại học Nam Cần Thơ
LEADER 01165nam a22001937a 4500
001 NCT_4_026573
008 251007b xxu||||| |||| 00| 0 vie d
999 |c 9315  |d 9315 
020 |a 9780824879990  |c 282000 
082 0 4 |2 23rd ed.  |a 294.3  |b D632 
100 1 |a Dobbins, James C. 
245 1 0 |a Behold the Buddha :  |b Religious meanings of Japanese Buddhist icons  |c James C. Dobbins 
260 |a Honolulu  |b University of Hawai'i Press  |c 2020 
300 |a xiv, 269 p.  |c 21 cm 
520 3 |a Behold the Buddha is a clear, concise, and compellingly written guide to the visual culture and iconography of Japanese Buddhism, supplemented with beautiful illustrations. Author James C. Dobbins expertly decodes the complex mysteries behind Buddhist masters, relics, and calligraphy, equipping readers with an intellectual approach to engage with and understand these images as art and symbols for Buddhist teachings and ritual. 
653 |a Tham khảo 
942 |2 ddc  |c BK 
952 |0 0  |1 0  |2 ddc  |4 0  |6 294_300000000000000_D632  |7 0  |9 31449  |a 000001  |b 000001  |d 2025-10-07  |o 294.3 D632  |p TK.05739  |r 2025-10-07  |v 282000.00  |w 2025-10-07  |y BK 
980 |a Thư viện Trường Đại học Nam Cần Thơ